Pavol Strauss ľudský život je iba hľadaním ...

Podrobná bibliografia
Médium: Článok
Jazyk:slovenčina
Fyzický popis:Fotogr.
Predmet:

MARC

LEADER 00000naa a2200000 ar4500
001 vtls010038411
003 SK-MaSNL
005 20260302100131.0
008 100113|2010 xo |||||||||||||| ||slo
015 |a SNBRA2010/01  |2 snkbucl 
038 |a SNKBUCL 
040 |a SNKBUCL  |b slo  |e AACR2  |c SNKBUCL 
041 0 |a slo 
044 |a xo  |c SK 
080 |a 82:929:821.162.4  |2 2001 
080 |a 821.162.4  |2 2001 
080 |a 82-051  |2 2001 
080 |a 929 Strauss, Pavol  |2 2001 
245 0 0 |a Pavol Strauss  |b ľudský život je iba hľadaním ...  |c Pavol Strauss 
300 |b Fotogr. 
500 |a Článok je uverejnený v časti II. 
600 1 7 |a Strauss, Pavol,  |d 1912-1994  |2 snkbucl  |9 93225 
650 0 7 |a náboženské konverzie  |2 snkbucl  |9 83450 
655 7 |a úvahy  |2 snkbucl  |9 29403 
773 0 |t Hľadali úprimne. [I. +II.]  |d Rím : Slovenský ústav svätého Cyrila a Metoda, 1982  |g S. 56-70 
852 |a SNK  |b KIS3GCP 
958 |a BX 
958 |a LX 
999 |c 1219294  |d 1221224